书目信息 |
| 题名: |
桂林传奇
|
|
| 作者: | 易琼 , 徐君慧 著 | |
| 分册: | ||
| 出版信息: | 天津 新蕾出版社 1981.07 |
|
| 页数: | 220页 | |
| 开本: | 19cm | |
| 丛书名: | ||
| 单 册: | ||
| 中图分类: | I277.5 | |
| 科图分类: | ||
| 主题词: | 民间文学--中国 | |
| 电子资源: | ||
| ISBN: | ||
| 000 | 00550nam0 2200205 45 | |
| 001 | 0301150903 | |
| 005 | 20060911145710.68 | |
| 010 | @dCNY0.49 | |
| 091 | @aR10213.62 | |
| 100 | @a20030115d1981 km y0chiy0120 ea | |
| 101 | 0 | @achi |
| 200 | 1 | @a桂林传奇@AGui Lin Chuan Qi@f易琼,徐君慧著@FYi Qiong,Xu Jun Hui Zhu |
| 210 | @a天津@c新蕾出版社@d1981.07 | |
| 215 | @a220页@d19cm | |
| 606 | 0 | @a民间文学@x中国 |
| 690 | @aI277.5@v3 | |
| 701 | 0 | @a易琼@4著 |
| 701 | 0 | @a徐君慧@4著 |
| 801 | @aCN@bTSTC@c20060911 | |
| 905 | @dI277.5@e23@f2@b51865-866@b51867@f1 | |
| 桂林传奇/易琼,徐君慧著.-天津:新蕾出版社,1981.07 |
| 220页;19cm |
| ISBN :CNY0.49 |
| ● |
| 相关链接 |
|
|
|
|
正题名:桂林传奇
索取号:I277.5/23
 
预约/预借
| 序号 | 登录号 | 条形码 | 馆藏地/架位号 | 状态 | 备注 |
| 1 | 0051865 | 000038596 | 第一样本阅览室/ [索取号:I277.5/23] | 在馆 | |
| 2 | 0051866 | 000038587 | 第二借阅区/ [索取号:I277.5/23] | 在馆 | |
| 3 | 0051867 | 000064762 | 第二借阅区/ [索取号:I277.5/23] | 在馆 | |
| 4 | 0051868 | 001740799 | 密集书库/ [索取号:I277.5/23] | 在馆 | |
| 5 | 0051869 | 001921335 | 密集书库/ [索取号:I277.5/23] | 在馆 | |
| 6 | 0474573 | 204745730 | 密集书库/ [索取号:I277.5/23] | 在馆 |